000 00275nam a2200121 a 4500
005 20140513081050.0
008 020606s19uu xx 00 eng d
050 _aP 535.6
_bWHI
245 _aName the colors.
300 _aPoster
650 _aCoins--Poster
999 _c116302
_d116302